000
00296nam a22001337a 4500
008
170526b xxu||||| |||| 00| 0 eng d
020
_a
0070366969
041
_a
eng
080
_a
621
100
_a
27
101
_a
IM
245
_a
SIMULATION MODELING AND ANALYSIS
_c
LAW, A.M
942
_2
udc
_c
BK
999
_c
14607
_d
14607